Pays où les français déménagent le plus - Statistiques

Statistiques générales
  • Ce quiz a été pris 3 232 fois
  • Le résultat moyen est 13 sur 15
Statistiques - réponses
Hint Réponse % Correct
Europe Espagne
98%
Amerique Canada
96%
Amerique États Unis
96%
Afrique Maroc
96%
Europe Suisse
96%
Europe Belgique
94%
Europe Italie
94%
Afrique Algerie
93%
Europe Allemagne
93%
Oceanie Australie
93%
Europe Portugal
92%
Europe Royaume uni
91%
Europe Grece
58%
Europe Irlande
52%
Asie israel
22%
Aucun quiz correspondant
Distribution des résultats
% des personnes avec chaque résultat
Percentile par nombre de réponses
Votre historique - résultats
Vous n’avez pas pris ce quiz